000 01212nam a2200325 a 4500
001 000109408
003 CHAP
005 20220329144049.0
008 140425s2013 mx a |sm |||||||spa|d
010 _a105870
011 _a106842
040 _cCHAP
090 _aTesis
100 1 _aEstevez Juárez, Carmen Margarita
_9126618
245 1 0 _aIdentificación del ácaro asociado al árbol de nuez de castilla (Juglans regia) en Chapingo, México.
_h[En línea]
_cpor Carmen Margarita Estevez Juárez.
260 _aChapingo, Méx. :
_bEl autor,
_c2013.
500 _aPara ver el contenido del material haga clic en la liga
502 _aTesis (Ing. Agr. Esp. en Parasitología Agrícola) -- UACH. Departamento de Parasitología Agrícola
590 _aBATCH-UPD
_b05
_c20141002
_lUCH01
_h0902
590 _aE792CSJ
_b05
_c20140425
_lUCH01
_h0922
590 _aE792CSJ
_b05
_c20140425
_lUCH01
_h0922
650 1 4 _aArañas
_xMéxico
_96526
650 1 4 _aNogal
_xEnfermedades por ácaros.
_9126619
650 1 4 _aOligonychus unungis.
_983019
650 1 4 _aTetranychidae.
_9112498
856 _aFinding aid
_uhttp://10.13.5.2/tesis/sist109408.pdf
_zTeclea aquí
901 _aBK
942 _cTESIS
942 _n0
999 _c105870
_d105870